| 000 | 01123nam a22002897a 4500 | ||
|---|---|---|---|
| 005 | 20240530110547.0 | ||
| 008 | 151222s2013 ua g b 000 0 ara d | ||
| 017 |
_a2012/9264 _bمصر . دار الكتب المصرية |
||
| 020 | _a9789773279762 | ||
| 040 | _aEG-CaGPL | ||
| 082 | 0 | 4 |
_221 _a166\ _bت ب |
| 100 | 1 | _aتولمن ، ستيفن | |
| 245 | 1 | 2 |
_aالبصيرة و الفهم : _bدراسة فى اهداف العلم / _cتاليف ستيفن تولمن ؛ ترجمة و تقديم محمود محمد على محمد |
| 250 | _aط1 | ||
| 260 |
_aالاسكندرية : _bدار الوفاء لدنيا الطباعة و النشر ، _c2013 . |
||
| 300 |
_a267 ص ؛ _c24 سم . |
||
| 504 | _aيشتمل على ارجاعات ببليوجرافية | ||
| 600 | 0 | 4 | _aتولمن ، ستيفن |
| 650 | 0 | 4 | _aالعقلانية |
| 650 | 0 | 4 |
_aالعلوم _xفلسفة |
| 650 | 0 | 4 | _aالنظريات |
| 650 | 0 | 4 | _aالتنبؤ |
| 650 | 0 | 4 | _aالفهم |
| 700 | 0 |
_aمحمود محمد على محمد _eمترجم و مقدم |
|
| 942 |
_2ddc _cBK |
||
| 999 |
_c62383 _d62383 |
||